000 00663nam a2200265Ia 4500
005 20260306164058.0
008 008 260114s9999 xx 000 0 eng d
020 _a9780691200880
037 _aEBOOK
040 _aCRL
040 _beng
040 _cCRL
041 _2eng
041 _aeng
084 _qCRL
100 _aBell, Pei
_91129954
245 0 _aJust Hierarchy: Why Social Hierarchies Matter In China And The Rest Of The World
260 _bPrinceton University Press
260 _c2020
650 _aPhilosophy
856 _uhttps://academic.oup.com/book/31541
942 _cEBOOK
999 _c1712664
_d1712664